000 00768nam a2200205 a 4500
001 64602
003 BD-RjUL
005 20211209081327.0
008 170216s1968 bg ||||| |||| 00| 0 ben d
035 _a(BD-RjUL)
040 _aBD-RjUL
_beng
_cBD-RjUL
041 _aeng
082 _223
_a891.4415
_bMOZ 1968
100 1 _aমঈনুদ্দীন, খান মুহাম্মদ
_9191607
245 1 0 _aযুগ - স্রস্টা নজরুল /
_cখান মুহাম্মদ মঈনুদ্দীন
260 _aঢাকা :
_bআলহামরা,
_c১৯৬৮।
300 _a৩০১, ;
_c২০ সেমি.।
600 _aইসলা্ম, কাজী নজরুল
_d১৮৯৯-১৯৭৬
_9191608
942 _2ddc
_cBK
999 _c64602
_d64602